<?xml version="1.0" encoding="UTF-8"?>
<record
    xmlns:xsi="http://www.w3.org/2001/XMLSchema-instance"
    xsi:schemaLocation="http://www.loc.gov/MARC21/slim http://www.loc.gov/standards/marcxml/schema/MARC21slim.xsd"
    xmlns="http://www.loc.gov/MARC21/slim">

  <leader>00503nam a22001817a 4500</leader>
  <datafield tag="999" ind1=" " ind2=" ">
    <subfield code="c">16750</subfield>
    <subfield code="d">16750</subfield>
  </datafield>
  <controlfield tag="003">OSt</controlfield>
  <controlfield tag="005">20180322133732.0</controlfield>
  <controlfield tag="008">180322b        xxu||||| |||| 00| 0 eng d</controlfield>
  <datafield tag="020" ind1=" " ind2=" ">
    <subfield code="a">9966225811</subfield>
  </datafield>
  <datafield tag="040" ind1=" " ind2=" ">
    <subfield code="c">KABU</subfield>
  </datafield>
  <datafield tag="050" ind1=" " ind2=" ">
    <subfield code="a">T 353 </subfield>
    <subfield code="b">.A43 2007 C.1</subfield>
  </datafield>
  <datafield tag="100" ind1=" " ind2=" ">
    <subfield code="a">Ambok, B. J. Okelo</subfield>
  </datafield>
  <datafield tag="245" ind1=" " ind2=" ">
    <subfield code="a">Technical  drawing  for schools and colleges </subfield>
    <subfield code="c">B. J. Okelo Ambok</subfield>
  </datafield>
  <datafield tag="260" ind1=" " ind2=" ">
    <subfield code="a">Nairobi, </subfield>
    <subfield code="b">The  Jomo Kenyatta Foundation</subfield>
    <subfield code="c">2007</subfield>
  </datafield>
  <datafield tag="300" ind1=" " ind2=" ">
    <subfield code="a">x, 293p.</subfield>
  </datafield>
  <datafield tag="650" ind1=" " ind2=" ">
    <subfield code="a">Mechanical drawing </subfield>
  </datafield>
  <datafield tag="942" ind1=" " ind2=" ">
    <subfield code="2">lcc</subfield>
    <subfield code="c">BK</subfield>
  </datafield>
  <datafield tag="952" ind1=" " ind2=" ">
    <subfield code="0">0</subfield>
    <subfield code="1">0</subfield>
    <subfield code="2">lcc</subfield>
    <subfield code="7">0</subfield>
    <subfield code="a">KABU</subfield>
    <subfield code="b">KABU</subfield>
    <subfield code="d">2018-03-22</subfield>
    <subfield code="g">1500.00</subfield>
    <subfield code="i">2018/0189</subfield>
    <subfield code="l">0</subfield>
    <subfield code="o">T 353  .A43 2007 C.1</subfield>
    <subfield code="p">024094</subfield>
    <subfield code="r">2018-03-22 00:00:00</subfield>
    <subfield code="t">C. 1</subfield>
    <subfield code="w">2018-03-22</subfield>
    <subfield code="y">BK</subfield>
  </datafield>
  <datafield tag="952" ind1=" " ind2=" ">
    <subfield code="0">0</subfield>
    <subfield code="1">0</subfield>
    <subfield code="2">lcc</subfield>
    <subfield code="7">0</subfield>
    <subfield code="a">KABU</subfield>
    <subfield code="b">KABU</subfield>
    <subfield code="d">2018-03-22</subfield>
    <subfield code="g">1500.00</subfield>
    <subfield code="i">2018/0190</subfield>
    <subfield code="l">0</subfield>
    <subfield code="o">T 353  .A43 2007 C.2</subfield>
    <subfield code="p">024095</subfield>
    <subfield code="r">2018-03-22 00:00:00</subfield>
    <subfield code="t">C. 2</subfield>
    <subfield code="w">2018-03-22</subfield>
    <subfield code="y">BK</subfield>
  </datafield>
  <datafield tag="952" ind1=" " ind2=" ">
    <subfield code="0">0</subfield>
    <subfield code="1">0</subfield>
    <subfield code="2">lcc</subfield>
    <subfield code="7">0</subfield>
    <subfield code="a">KABU</subfield>
    <subfield code="b">KABU</subfield>
    <subfield code="d">2018-03-22</subfield>
    <subfield code="g">1500.00</subfield>
    <subfield code="i">2018/0191</subfield>
    <subfield code="l">0</subfield>
    <subfield code="o">T 353  .A43 2007 C.3</subfield>
    <subfield code="p">027955</subfield>
    <subfield code="r">2018-03-22 00:00:00</subfield>
    <subfield code="t">C. 3</subfield>
    <subfield code="w">2018-03-22</subfield>
    <subfield code="y">BK</subfield>
  </datafield>
</record>
